00000000nam##2200000za#4500
0019.529614
003CaOODSP
00520200327074841
007ta
008150406|1997||||xxc|||||     f|0| 0 eng|d
020 |a0-660-60359-4
040 |aCaOODSP|beng
041 |aeng
041 |afre
043 |an-cn---
0861 |aBT31-4/73-1997
1101 |aCanada. |bTreasury Board.
24510|aSocial Sciences and Humanities Research Council of Canada
260 |aOttawa - Ontario : |bTreasury Board of Canada Secretariat |c1997.
300 |aEnglish text, 32p. : |btables ; |c28 cm.
4901 |aPerformance report for the period ending March 31, 1997
546 |aBilingual
563 |aSoftcover
590 |a97-46|b1997-11-14
7760#|tSocial Sciences and Humanities Research Council of Canada, performance report for the period ending March 31, 1997 |w(CaOODSP)9.568675
7760#|tConseil de recherches en sciences humaines du Canada, rapport sur le rendement pour la période se terminant le 31 mars 1997 |w(CaOODSP)9.599946
792 |tConseil de recherches en sciences humaines du Canada|efre|w(CaOODSP)9.529615
830#0|aPerformance report for the period ending March 31, 1997.|w(CaOODSP)9.508972